000 00622nam a22002297a 4500
003 UA-OsUOA
001 83123
007 ta
008 20120402b un ||||| |||| 00| 0 ukr d
100 _aЛисенко М.М.
090 _a(038)=161.2=133.1
_bЛ63
942 _cBK
040 _aUA-OsUOA
_bukr
_cUA-OsUOA
_dUA-OsUOA
245 _aУкраїнсько-французький розмовник
300 _a200 с.
955 _a2
041 _aukr
080 _a(038)=161.2=133.1
260 _aК.
_bРадянська школа
_c1976
650 7 _a0 Загальний відділ.
_2UDC
999 _c369434
_d369434